00526cam a2200181 a 4500020001800000020002400018082001500042100002300057245004900080250001200129260004900141300002500190500004000215500002000255650002900275650001700304700002300321 a9780749463526 a9780749463588 (ebk)00a650.14 YAT1 aYate, Martin John.10aGreat answers to tough interview questions / a8th ed. aLondon ;aPhiladelphia :bKogan Page,c2011. avi, 287 p. :bill. ; aRev. ed. of: Knock 'em dead. c1985. aIncludes index. 0aEmployment interviewing. 0aJob hunting.1 aYate, Martin John.